000
00328 a2200157 4500
001
167114
020
_a
040
_c
Magnum
100
_a
Felipe, Carlos
240
1
0
_a
O grande livro do folclore
_l
por
245
1
0
_a
O grande livro do folclore
362
0
_a
1899
440
1
_a
Leitura
697
_a
FOLCLORE
942
_c
BK
999
_c
167114
_d
167114